GCSE Physics equations (H) - Statistics

General Stats
  • This quiz has been taken 43 times
  • The average score is 5 of 21
Answer Stats
Answer % Correct
ρ=m/v
67%
F=ma
50%
V=IR
39%
P=E/t
33%
p=F/A
33%
P=W/t
31%
a=Δv/t
25%
P=IV
25%
Q=It
25%
Ep=mgh
19%
E=QV
19%
P=I^2R
19%
W=mg
19%
p=mv
17%
F=Ke
14%
s=vt
11%
Ek=0.5mv^2
8%
v=fλ
8%
W=Fs
8%
efficiency=useful power output*total power input
6%
M=Fd
6%
No matching quizzes found
Score Distribution
Percent of People with Each Score
Percentile by Number Answered
Your Score History
You have not taken this quiz